000 00321nam a22001337a 4500
999 _c161466
_d161466
020 _a
082 _a
_b
100 _a Prabhakar Shetriya
245 _aMeghdoot:
_bek antaryatra/
_cby Prabhakar Shetriya.
260 _aNew Delhi:
_bRadhakrishan Prakashan,
_c2005.
300 _a111p.
650 _a
942 _cBK